|
|
|
|
| LEADER |
00000nam0a2200000 4500 |
| 001 |
288105 |
| 005 |
20231102000044.0 |
| 010 |
|
|
|a 5211010698
|
| 035 |
|
|
|a (RuTPU)RU\TPU\book\312553
|
| 035 |
|
|
|a RU\TPU\book\264690
|
| 090 |
|
|
|a 288105
|
| 100 |
|
|
|a 20150321d1990 km y0rusy50 ca
|
| 101 |
0 |
|
|a rus
|
| 102 |
|
|
|a RU
|
| 105 |
|
|
|a y eg 001zy
|
| 200 |
1 |
|
|a Терминологический словарь-справочник по палеонтологии (палеоихнология, палеоэкология, тафономия)
|f Б. Т. Янин
|
| 210 |
|
|
|a Москва
|c Изд-во МГУ
|d 1990
|
| 215 |
|
|
|a 135 с.
|c ил.
|
| 320 |
|
|
|a Библиогр.: с. 121-128.
|
| 320 |
|
|
|a Указатель терминов: с. 129-134.
|
| 606 |
1 |
|
|a Палеонтология
|2 stltpush
|3 (RuTPU)RU\TPU\subj\47998
|9 66880
|
| 610 |
1 |
|
|a терминологические словари
|
| 610 |
1 |
|
|a палеоихнология
|
| 610 |
1 |
|
|a палеоэкология
|
| 610 |
1 |
|
|a тафономия
|
| 610 |
1 |
|
|a термины
|
| 610 |
1 |
|
|a определения
|
| 610 |
1 |
|
|a понятия
|
| 610 |
1 |
|
|a справочники
|
| 610 |
1 |
|
|a словари
|
| 675 |
|
|
|a 56(035)(038)
|v 3
|
| 700 |
|
1 |
|a Янин
|b Б. Т.
|g Борис Тимофеевич
|
| 801 |
|
1 |
|a RU
|b 63413507
|c 20130925
|
| 801 |
|
2 |
|a RU
|b 63413507
|c 20150401
|g RCR
|
| 942 |
|
|
|c BK
|
| 959 |
|
|
|a 127/20130924
|d 1
|e 349,90
|f ЧЗТЛ:1
|